000 01363nam a22001937a 4500
999 _c61531
_d61531
005 20240321172221.0
008 240321c2022 ge ||||| |||| 00| 0 geo d
022 _a2720-8354
041 _ageo
245 _aსტუდენტური საისტორიო ძიებანი = Student historical researches /
_cივანე ჯავახიშვილის სახელობის თბილისის სახელმწიფო უნივერსიტეტის ჰუმანიტარულ მეცნიერებათა ფაკულტეტი; მთავარი რედაქტორები : მიხეილ ქართველიშვილი, ნიკოლოზ სარაჯიშვილი.
260 _aთბილისი :
_bუნივერსიტეტის გამ.-ბა,
_c2022-
300 _aV.
653 _aსტუდენტური საისტორიო ძიებანი
653 _aისტორია
653 _aპერიოდიკა
700 _aქართველიშვილი, მიხეილ
_eმთავარი რედაქტორი
_919427
700 _aსარაჯიშვილი, ნიკოლოზ
_eმთავარი რედაქტორი
_921534
942 _2udc
_cCR